000 00564nam a2200229Ia 4500
003 OSt
005 20221005121322.0
006 a|||||r|||| 00| 0
007 ta
008 221004b |||||||| |||| 00| 0 mal d
024 _a62364
037 _cTextual
040 _aCRL
_cCRL
_bmal
041 _2mal
_amal
082 _aDelta28y7M54, 32J3
100 _aKrishna kumar
245 0 _aGunu demme
260 _c1953
650 _aSPIRITUALISM
942 _hDelta28y7M54, 32J3
_cTEXL
_2cc
999 _c1040757
_d1040757